Most Common Last Names in Sweden - Statistics

General Stats
  • This quiz has been taken 15,277 times
  • The average score is 7 of 20
Answer Stats
# Name % Correct
1 Andersson
63%
2 Johansson
53%
5 Eriksson
51%
9 Svensson
50%
6 Larsson
49%
12 Jonsson
46%
3 Karlsson
45%
11 Pettersson
39%
4 Nilsson
34%
7 Olsson
31%
14 Hansson
30%
16 Jönsson
28%
10 Gustafsson
27%
8 Persson
27%
13 Jansson
25%
20 Lindström
21%
19 Magnusson
15%
15 Bengtsson
14%
18 Jakobsson
14%
17 Lindberg
14%
No matching quizzes found
Score Distribution
Percent of People with Each Score
Percentile by Number Answered
Your Score History
You have not taken this quiz